Christoph Graupner als Kirchenkomponist ; Ausführungen zu Bd. LI/LII der Denkmäler dertscher Tonkunst, erste Folge, u. Verzeichnis sämtlicher Kantaten Graupners.

Bibliographic Details
Main Author: Noack, Friedrich, 1890-1958
Format: Book
Language:German
Published: Leipzig : Breitkopf & Härtel, 1926.
Series:Beihefte zu den Denkmälern deutscher Tonkunst ; 1.
Subjects:

MARC

Tag First Indicator Second Indicator Subfields
LEADER 00000cam a2200000Mi 4500
001 in00002017571
005 20151031153714.0
008 920519s1926 gw 000 0bger d
035 |a (OCoLC)ocm26073293 
040 |a HMU  |c HMU  |d OCL  |d TXA  |d UtOrBLW 
049 |a TXAM 
050 4 |a ML390  |b .N63 1926 
100 1 |a Noack, Friedrich,  |d 1890-1958. 
245 1 0 |a Christoph Graupner als Kirchenkomponist ;  |b Ausführungen zu Bd. LI/LII der Denkmäler dertscher Tonkunst, erste Folge, u. Verzeichnis sämtlicher Kantaten Graupners. 
264 1 |a Leipzig :  |b Breitkopf & Härtel,  |c 1926. 
300 |a 87 pages ;  |c 25 cm. 
336 |a text  |b txt  |2 rdacontent 
337 |a unmediated  |b n  |2 rdamedia 
338 |a volume  |b nc  |2 rdacarrier 
490 1 |a Beihefte zu den Denkmälern deutscher Tonkunst,  |v 1 
500 |a "Chronologisches Verzeichnis der Kantaten": pages [36]-71. "Alphabetisches Verzeichnis der Kantaten": pages 72-87. 
536 |a From the Howard Mayer Brown, Edward Downes and Mary Schieffelin book collections, October 2004. 
600 1 0 |a Graupner, Christoph,  |d 1683-1760. 
600 1 0 |a Graupner, Christoph,  |d 1683-1760.  |t Cantatas  |v Indexes. 
830 0 |a Beihefte zu den Denkmälern deutscher Tonkunst ;  |v 1. 
948 |a cataloged  |b h  |c 2004/12/16  |d c  |e jgreene  |f 2:29:51 pm 
994 |a E0  |b TXA 
999 |a MARS 
999 f f |s f09a2869-571a-3e6d-93d8-18333db11b00  |i c78bd65c-c3ad-36b0-b177-dec216c22902  |t 0 
952 f f |p ric  |a Texas A&M University  |b Rellis Campus  |c Joint Library Facility  |d Remote Storage  |t 0  |e ML390 .N63 1926  |h Library of Congress classification  |i unmediated -- volume  |m A14831693702 
998 f f |a ML390 .N63 1926  |t 0  |l Remote Storage